| 000 | 00586nam a2200217Ia 4500 | ||
|---|---|---|---|
| 008 | 220216s9999 xx 000 0 und d | ||
| 100 | _aBlumich B | ||
| 245 | 0 | _aUnilateral NMR: Principles and applications to quality control of elastomer products | |
| 260 |
_bKautschuk Gummi Kunststoffe _c2004 |
||
| 300 | _a346-349 | ||
| 650 | _aElastomers | ||
| 650 | _aNon-destructive testing | ||
| 650 | _aQuality control | ||
| 650 | _aUnilateral NMR | ||
| 700 | _aAnferova S | ||
| 700 | _aCasanova F | ||
| 700 | _aKremer K | ||
| 700 | _aPerlo J | ||
| 700 | _aSharma S | ||
| 942 | _cJS | ||
| 999 |
_c71754 _d71754 |
||